| 000 | 00665nam 22002533 4500 | ||
|---|---|---|---|
| 001 | 2056 | ||
| 010 | _a9789899254220 | ||
| 021 |
_aPT _b545916/25 |
||
| 090 | _a2056 | ||
| 100 | _a20260213d2025 u||y0pory50 ba | ||
| 101 | _apor | ||
| 102 | _aPT | ||
| 200 |
_aFilha da minha mãe _fDiogo Costa _gRafael Felizardo |
||
| 205 | _a1ª edição | ||
| 210 |
_aQueluz de Baixo _cManuscrito _d2025 |
||
| 215 |
_a148, [1] p. _d24 cm |
||
| 300 | _aBMB-Registado | ||
| 606 |
_aLiteratura Portuguesa _9776 |
||
| 606 |
_9779 _aRomance |
||
| 675 |
_a821.134.3-31 _vBMB _zpor |
||
| 700 |
_aCosta _bDiogo _92941 |
||
| 701 |
_aFelizardo _bRafael _92942 |
||
| 801 |
_aPT _bBMB _gRPC |
||
| 990 | _cLIVROS | ||